Microsoft Excel pro manažery a ekonomy pro verze 2000, 2002 a 2003

Salvato in:
Dettagli Bibliografici
Autore principale: Brož, Milan
Natura: Libro
Lingua:ceco
Pubblicazione: Brno CP Books 2005
Soggetti:
Tags: Aggiungi Tag
Nessun Tag, puoi essere il primo ad aggiungerne!!

MARC

LEADER 00000nam$a2200000$$$4500
001 0035371
005 20221129082809.3
020 |a 80-251-0499-0 
041 0 |a cze 
044 |a CZ 
245 1 0 |a Microsoft Excel pro manažery a ekonomy pro verze 2000, 2002 a 2003  |c Milan Brož 
264 1 |a Brno  |b CP Books  |c 2005 
300 |a 424 s.  |e 1 CD-ROM 
610 2 0 |a programy počítačové 
610 2 0 |a softvér 
610 2 0 |a systémy operačné 
610 2 0 |a manažéri 
610 2 0 |a ekonómia 
610 2 0 |a modelovanie 
610 2 0 |a simulácia 
610 2 0 |a analýzy 
610 2 0 |a funkcie matematické 
610 2 0 |a báza dát 
610 2 0 |a Microsoft Excel 
100 1 |a Brož, Milan